000
00228nam a22001217a 4500
003
SGT
082
_b
CHA
100
_a
CHANDRA, SHART
245
_a
PRIPITA
260
_a
DELHI
_b
HIND
_c
1998
300
_a
130
942
_2
ddc
_c
BK
999
_c
20208
_d
20208